000
00303nam a2200109Ia 4500
001
1276015
005
20260417160439.0
008
260417s9999 xx 000 0 und d
020
_a
9786256126329
245
0
_a
Böceklerin Çok Çok Gizli Hayatı
_c
Ayşegül Babalı Ekşioğlu
260
_b
Ketebe Çocuk
999
_c
1276015
_d
1276015